| 000 | 00363nam a2200145Ia 4500 | ||
|---|---|---|---|
| 005 | 20251222143122.0 | ||
| 008 | 251222s9999||||xx |||||||||||||| ||spa|| | ||
| 020 | _a8447306208 | ||
| 082 | _a813/H38 | ||
| 100 | _aHemingway, Ernest | ||
| 245 | 0 | _aEl Viejo y el Mar. Las Nieves del Kilimanjaro | |
| 250 | _a1ra.ed. | ||
| 264 | _bRBA Editores, S.A. | ||
| 942 | _cLIB | ||
| 999 |
_c11564 _d11564 |
||